[Event "Belo Horizonte Mineiro op"]
[Site "Belo Horizonte"]
[Date "2013.12.06"]
[Round "2"]
[White "Machado, Eduardo Ribeiro"]
[Black "Guedes, Matheus Resende"]
[Result "1-0"]
[WhiteElo "1777"]
[BlackElo "1774"]
[PlyCount "105"]
[EventDate "2013.12.06"]
[EventType "swiss"]
[EventRounds "6"]
[EventCountry "BRA"]
[SourceTitle "CBM 158 Extra"]
[Source "ChessBase"]
[SourceDate "2014.02.28"]
[SourceVersion "1"]
[SourceVersionDate "2014.02.28"]
[SourceQuality "1"]

1. d4 Nf6 2. c4 g6 3. Nc3 d5 4. Nf3 Bg7 5. Bg5 Ne4 6. cxd5 Nxg5 7. Nxg5 e6 8. Qa4+ c6 9. dxc6 Nxc6 10. Nf3 0-0 11. e3 Bd7 12. Qd1 Qb6 13. Qd2 Rac8 14. Na4 Qc7 15. Rc1 Rfd8 16. Nc5 Be8 17. Nd3 e5 18. Nfxe5 Nxe5 19. Rxc7 Nxd3+ 20. Bxd3 Rxc7 21. 0-0 Rdc8 22. Qb4 f5 23. g3 Bf7 24. Qa5 b6 25. Qa6 Bd5 26. b3 Bf3 27. Qb5 Kh8 28. Bc4 Bc6 29. Qb4 Bf3 30. Be6 Bf8 31. Qb5 Bc6 32. Qe5+ Bg7 33. Qf4 Bd7 34. Bxd7 Rxd7 35. h3 h6 36. g4 Rd5 37. gxf5 Rxf5 38. Qd6 Ra5 39. a4 Kh7 40. Qe6 Rf8 41. Rc1 Rg5+ 42. Kf1 Rgf5 43. Rc2 R8f6 44. Qc8 Rf8 45. Qb7 R8f7 46. Qg2 Rg5 47. Qh2 Rh5 48. Rc7 Rf3 49. h4 Rhf5 50. Rxa7 h5 51. Ke1 Kh6 52. Qc7 Rf7 53. Qxf7 1-0